Statistics for Country Mottos

Click here to take the quiz!

General Stats

  • This quiz has been taken 13 times
  • The average score is 3 of 10

Answer Stats

HintAnswer% Correct
Liberty, Equality, FraternityFrance / Haiti
92%
In God We TrustUnited States of America / Nicaragua
92%
Order and ProgressBrazil
42%
Truth Alone TriumphsIndia
33%
From Sea to SeaCanada
25%
Unity in DiversitySouth Africa / Indonesia / Papua New Guinea
17%
Truth prevailsCzech Republic / Czechoslovakia
8%
We are the fortressEswatini
8%
Peace, Rain, ProsperityLesotho
8%
Further BeyondSpain
8%

Score Distribution

Percentile by Number Answered

Percent of People with Each Score

Your Score History

You have not taken this quiz